000 00940nam a2200229 a 4500
001 64685
003 BD-RjUL
005 20211209081332.0
008 170219s2012 bg a|||| |||| 000 0 ben d
020 _a9789845071376
_c: Tk. 150.00
035 _a(BD-RjUL)64815
040 _aBD-RjUL
_bben
_cBD-RjUL
_dBD-RjUL
041 _aben
082 _223
_a891.44092
_bBAS 2012
100 1 _aবাসার, মাহমুদুল
_9191785
245 1 _aসন্তোষ গুপ্ত :
_bমুক্তচিন্তার প্রহরী /
_cমাহমুদুল বাসার
260 _aঢাকা :
_bপারিজাত প্রকাশনী ;
_c২০১২
300 _a১০৬ পৃ. :
_bচিত্র. ;
_c১৯ সেমি.
600 _aগুপ্ত, সন্তোষ
_d১৯২৫-২০০৪
_xজীবনী
_9194732
600 _aGupta, Santosh
_d1925-2004
_xBiography
_9194733
942 _2ddc
_cBK
999 _c64685
_d64685